000
00440nam a2200169Ia 4500
008
090711s9999 xx 000 0 und d
082
_b
55568
100
_a
लिमये मनीषा म.
245
_a
परीस
260
_c
1986
300
_a
103
600
_a
लिमये मनीषा म.
630
_a
परीस
700
_a
लिमये मनीषा म.
730
_a
परीस
942
_c
BOOK
999
_c
310013
_d
310013